| 000 | 004430000a22001810004500 | ||
|---|---|---|---|
| 003 | MACL | ||
| 005 | 20151216132731.0 | ||
| 008 | 151216b xxu||||| |||| 00| 0 eng d | ||
| 040 |
_aMACL _cMACL |
||
| 041 | _aEnglish | ||
| 082 | _a030/REE | ||
| 100 |
_aReeve C R Eric _920358 |
||
| 245 |
_aEncyclopedia of Genetics _bVOL 1 |
||
| 260 |
_bPenatgon Press _c2002 |
||
| 350 | _a5450 | ||
| 650 |
_aEncyclopaedia _920359 |
||
| 942 |
_cBK _k030/REE _2ddc |
||
| 999 |
_c40039 _d40039 |
||